Score 0/30 Timer 04:00
0 Plays Today
Question Answer % Correct
What color is Tyler's hat?Green
79.3%
Who does Sam say he jacked the pick-up from?His uncle
65.5%
What crap in Bode's hand?A turtle
37.9%
Where do Bode and Kinsey hide following the murder of their father?Behind the chimney
34.5%
In which state is Lovecraft situated?Massachusetts
34.5%
What features on the first key found by Bode?A skull
34.5%
How does Bode describe what he looks like dead? 'Like a sock with no foot in it'
31%
What 2 items does Bode drop down the well?A mirror and scissors
31%
What does Duncan put up high, out of Nina's reach?Bottles of wine
31%
Who did Nina kill with a hatchet?Al Grubb
27.6%
What is 'the lady in the well' doing the first time you see her?Combing her hair
27.6%
What is Kinsey doing the first time you see her at school?Running
27.6%
What smell makes Kinsey vomit at school?Fresh paint
27.6%
Where did cousin Orin recently see Sam Lesser?Ozzfest
24.1%
What school club are going on a 6-week trip, to the annoyance of Tyler?French club
24.1%
Question Answer % Correct
What should Tyler get used to after he refuses to pay attention to Bode?Cold showers
24.1%
What is Bode doing when he finds the head key?Looking for treasure
24.1%
What one thing did Tyler say to Duncan on the drive to Keyhouse?'I need to p**s'
20.7%
What is the fisherman struggling to do as Sam blows up the bus?Light his cigarette
20.7%
What object does Sam us to beat Kinsey with?Flashlight
20.7%
What does Bode do at school that upset the other kids?Made a comic
17.2%
What does the 'lady in the well' tell Sam to listen to?Echoes
17.2%
Once out of the well, 'the lady in the well' wants new clothes that go with what?Balls
17.2%
What does detective Mutuku's name mean?Born at night
13.8%
Which singer does Kinsey have a poster of in her bedroom?Bob Marley
13.8%
What does Sam have to share the back of a pick-up with, following his escape?Cows
13.8%
What sports team does Tyler have a poster of on his wall?49ers
10.3%
What is Sam using as a weapon when he is shot?Shovel
10.3%
What is the name of the fictional fast food restaurant featured?Bigdog
6.9%
What is the name of the Kinsey's friend from school?Jackie
6.9%
Remove Ads.
Support Sporcle.
Get the best of Sporcle when you Go Orange. This ad-free experience offers more features, more stats, and more fun while also helping to support Sporcle. Thank you for becoming a member.

You're not logged in!

Compare scores with friends on all Sporcle quizzes.
OR
Log In

Show Comments

Extras

Created Jul 20, 2012ReportNominate
Tags:Comic Books Quiz

Top Quizzes Today


Score Distribution

Your Account Isn't Verified!

In order to create a playlist on Sporcle, you need to verify the email address you used during registration. Go to your Sporcle Settings to finish the process.

Report this User

Report this user for behavior that violates our Community Guidelines.

Details: